[Event "OLNN 1617 SSC Rostock - Lübecker SV"]
[Site "Rostock"]
[Date "2016.10.16"]
[Round "1.5"]
[White "Thannheiser, Thomas"]
[Black "Mangold, Thomas"]
[Result "0-1"]
[WhiteElo "2256"]
[BlackElo "1968"]
[PlyCount "75"]
[EventDate "2016.??.??"]

1. e4 e5 2. Bc4 Nc6 3. Nf3 Bc5 4. c3 Nf6 5. d3 a5 6. a4 d6 7. Nbd2 Bb6 8. h3
Ne7 9. Bb3 Ng6 10. Nc4 Ba7 11. O-O c6 12. Re1 O-O 13. Bg5 h6 14. Be3 Bxe3 15.
Rxe3 Re8 16. d4 b5 17. Ncd2 Qb6 18. Bc2 Nf4 19. axb5 cxb5 20. d5 Bxh3 21. Nh4
Bg4 22. Qe1 g5 23. Nhf3 Bxf3 24. Nxf3 Ng4 25. Nh2 Nxe3 26. fxe3 Kg7 27. Qf2 Ng6
28. Rf1 Ra7 29. Ng4 Qd8 30. Nf6 Rf8 31. g3 Nf4 32. exf4 Qxf6 33. Qxa7 gxf4 34.
gxf4 Kh8 35. Qf2 Rg8+ 36. Kh1 Rg4 37. Qe2 Rh4+ 38. Kg1 0-1

[Event "OLNN 1617 SSC Rostock - Lübecker SV"]
[Site "Rostock"]
[Date "2016.10.16"]
[Round "1.6"]
[White "Engel, Gunnar"]
[Black "Krause, Ullrich"]
[Result "1/2-1/2"]
[WhiteElo "2060"]
[BlackElo "2215"]
[PlyCount "44"]
[EventDate "2016.??.??"]

1. d4 d5 2. c4 e6 3. Nf3 Nf6 4. g3 Be7 5. Bg2 O-O 6. O-O dxc4 7. Qc2 a6 8. a4
Bd7 9. Nbd2 Bc6 10. Nxc4 Be4 11. Qb3 Nc6 12. Bg5 Qd5 13. Be3 Nb4 14. Ne1 Bxg2
15. Nxg2 b5 16. Nd2 Qxb3 17. Nxb3 bxa4 18. Rxa4 Rfb8 19. Na5 Rb5 20. Rc1 Nbd5
21. Rc2 c5 22. dxc5 Nxe3 1/2-1/2

[Event "OLNN 1617 SSC Rostock - Lübecker SV"]
[Site "Rostock"]
[Date "2016.10.16"]
[Round "1.7"]
[White "Ehrke, Michael"]
[Black "Celmer, Ole"]
[Result "1-0"]
[WhiteElo "2202"]
[BlackElo "1935"]
[PlyCount "111"]
[EventDate "2016.??.??"]

1. d4 Nf6 2. Nf3 e6 3. Bf4 b6 4. e3 Bb7 5. Nbd2 Be7 6. h3 Ne4 7. Bd3 f5 8. Qe2
O-O 9. O-O-O c5 10. g4 d5 11. c3 c4 12. Bc2 b5 13. gxf5 exf5 14. Rdg1 Nd7 15.
Nxe4 dxe4 16. Ng5 Qb6 17. Nxh7 Rf7 18. Ng5 Bxg5 19. Rxg5 Rc8 20. Rhg1 b4 21.
Rg6 Rc6 22. Rxc6 Qxc6 23. cxb4 Nb6 24. Qh5 Nd5 25. Be5 c3 26. Qg6 cxb2+ 27. Kb1
Nxb4 28. Bb3 Qxg6 29. Rxg6 Bd5 30. a3 Bxb3 31. axb4 Kh7 32. Rg5 Be6 33. Kxb2 g6
34. h4 a5 35. bxa5 Ra7 36. Kc3 Rxa5 37. Kb4 Ra2 38. Kc5 Ra5+ 39. Kd6 Ra6+ 40.
Ke7 Bc4 41. Bf4 Ra7+ 42. Kd6 Ra6+ 43. Kc5 Bf7 44. Rg1 Ra5+ 45. Kd6 Ra6+ 46. Ke7
Ra7+ 47. Kf6 Bg8 48. Rc1 Ra6+ 49. Kg5 Kg7 50. Rc7+ Kf8 51. Rc5 Ke7 52. d5 Bf7
53. Rc7+ Ke8 54. d6 Rb6 55. Re7+ Kf8 56. Kf6 1-0

[Event "OLNN 1617 SSC Rostock - Lübecker SV"]
[Site "Rostock"]
[Date "2016.10.16"]
[Round "1.8"]
[White "Hodl, Ingolf"]
[Black "Frohberg, Marco"]
[Result "0-1"]
[WhiteElo "2004"]
[BlackElo "2194"]
[PlyCount "114"]
[EventDate "2016.??.??"]

1. e4 d5 2. exd5 Qxd5 3. Nc3 Qd6 4. Nf3 Nf6 5. d4 c6 6. Be2 Bg4 7. Bg5 Nbd7 8.
a3 e6 9. Qd2 Qc7 10. Bf4 Bd6 11. Bxd6 Qxd6 12. Rd1 O-O 13. h3 Bxf3 14. Bxf3
Rad8 15. O-O e5 16. Qe3 Qc7 17. dxe5 Nxe5 18. Be2 b6 19. Qg3 Qe7 20. Rfe1 Rxd1
21. Bxd1 Nf3+ 22. Bxf3 Qxe1+ 23. Kh2 Qd2 24. Ne4 Nxe4 25. Bxe4 Qd4 26. Bxc6
Qxb2 27. c4 Qf6 28. Bd5 Re8 29. f4 Qd6 30. a4 h6 31. h4 Qe7 32. h5 Qe1 33. Qg4
Qf2 34. Kh3 Qe3+ 35. Kh2 Qe2 36. Qg3 Qe7 37. Qg4 Qf6 38. g3 Kf8 39. Qd7 Qe7 40.
Qf5 Kg8 41. Kh3 Rd8 42. Kh2 Qd7 43. Qd3 Kh8 44. Qd1 Re8 45. Qd3 Re7 46. Qd1 Qe8
47. Bf3 Kg8 48. Bg4 Re1 49. Qd2 Qe4 50. Bf3 Qe3 51. Qd8+ Kh7 52. Bg2 Re2 53.
Qd5 Qe6 54. Qd3+ g6 55. hxg6+ fxg6 56. Qd4 Qc6 57. Qg1 Qf3 0-1

[Event "OLNN 1617 FC St. Pauli - Hamburger SK"]
[Site "?"]
[Date "2016.10.16"]
[Round "1.1"]
[White "Uksini, Bardhyl"]
[Black "Socko, Monika"]
[Result "1-0"]
[WhiteElo "2298"]
[BlackElo "2433"]
[PlyCount "107"]
[EventDate "2016.??.??"]

1. d4 Nf6 2. c4 e6 3. Nf3 b6 4. g3 Bb7 5. Bg2 Be7 6. O-O O-O 7. Nc3 d5 8. Ne5
Qc8 9. cxd5 exd5 10. Bg5 Qe6 11. Bxf6 Bxf6 12. e4 dxe4 13. Nxe4 c6 14. Nxf6+
Qxf6 15. Qa4 a5 16. Qb3 b5 17. a4 Ba6 18. Rfe1 bxa4 19. Qc2 Ra7 20. Qc5 Rb7 21.
Nxc6 Rxb2 22. d5 Nd7 23. Qe3 Nb6 24. Nxa5 g6 25. Nc6 Kg7 26. Qc5 Rb5 27. Qc2
Re8 28. Bf1 Rb2 29. Qc5 Nd7 30. Qa7 Rxe1 31. Rxe1 Bxf1 32. Rxf1 Nb6 33. Qa8 Nc4
34. Qa7 Nd2 35. Re1 a3 36. Nd4 a2 37. Ne6+ Kh6 38. Qe3+ g5 39. Nxg5 Rb1 40.
Ne4+ Kg6 41. Nxf6 Rxe1+ 42. Kg2 a1=Q 43. Ng4 f6 44. Qxd2 Rg1+ 45. Kh3 Qf1+ 46.
Kh4 Qc1 47. Qd3+ Kg7 48. f4 Re1 49. Qf5 Qb2 50. Qd7+ Kh8 51. h3 f5 52. Ne5 Qb3
53. Nf7+ Kg7 54. Ng5+ 1-0

[Event "OLNN 1617 FC St. Pauli - Hamburger SK"]
[Site "?"]
[Date "2016.10.16"]
[Round "1.2"]
[White "Michna, Marta"]
[Black "Bente, Bjoern"]
[Result "1-0"]
[WhiteElo "2384"]
[BlackElo "2239"]
[PlyCount "53"]
[EventDate "2016.??.??"]

1. d4 Nf6 2. Bg5 e6 3. e4 c5 4. e5 h6 5. Bc1 Nd5 6. c4 Nb6 7. dxc5 Bxc5 8. Qg4
Bf8 9. Nf3 d6 10. exd6 Qxd6 11. Nc3 Nc6 12. Be2 e5 13. Qg3 Bf5 14. Nb5 Qb8 15.
O-O g5 16. Re1 a6 17. Nc3 Bd6 18. Nd2 e4 19. Qe3 Bxh2+ 20. Kh1 Bc7 21. Nd5 O-O
22. Nf6+ Kh8 23. g4 Nd7 24. Qh3 Nxf6 25. Qxh6+ Nh7 26. gxf5 Be5 27. f6 1-0

[Event "OLNN 1617 FC St. Pauli - Hamburger SK"]
[Site "?"]
[Date "2016.10.16"]
[Round "1.3"]
[White "Lindinger, Markus"]
[Black "Voigt, Martin"]
[Result "0-1"]
[WhiteElo "2280"]
[BlackElo "2330"]
[PlyCount "80"]
[EventDate "2016.??.??"]

1. d4 d5 2. Nf3 Nf6 3. Bf4 c5 4. e3 cxd4 5. exd4 Nc6 6. c3 Bf5 7. Qb3 Qc8 8.
Nbd2 e6 9. Nh4 Be4 10. f3 Bg6 11. Bb5 Nh5 12. Be3 Bd6 13. Qa4 Nf4 14. O-O Bd3
15. Bxd3 Nxd3 16. g3 Nxb2 17. Qb5 Nc4 18. Nxc4 dxc4 19. d5 exd5 20. Rfe1 O-O
21. Qxd5 Ba3 22. Rab1 b6 23. Qxc4 Na5 24. Qd3 Qc4 25. Qxc4 Nxc4 26. Bd4 g6 27.
Kf2 Rac8 28. Ng2 Bc5 29. Ne3 Bxd4 30. cxd4 Nxe3 31. Rxe3 Rc2+ 32. Re2 Rfc8 33.
Rb2 Rxb2 34. Rxb2 Rc3 35. Ke2 Kf8 36. g4 h6 37. h4 Ke7 38. Rd2 Kd6 39. Rd3 Rxd3
40. Kxd3 Kd5 0-1

[Event "OLNN 1617 FC St. Pauli - Hamburger SK"]
[Site "?"]
[Date "2016.10.16"]
[Round "1.4"]
[White "Krause, Jonah"]
[Black "Zieher, Hartmut"]
[Result "1-0"]
[WhiteElo "2290"]
[BlackElo "2285"]
[PlyCount "67"]
[EventDate "2016.??.??"]

1. d4 d5 2. c4 e6 3. Nf3 Nf6 4. g3 Bb4+ 5. Bd2 Bd6 6. Nc3 c6 7. Bg2 O-O 8. b3
Nbd7 9. O-O b6 10. Qc2 Ba6 11. e4 Be7 12. Ne5 Rc8 13. Rfd1 dxc4 14. Nxc4 b5 15.
Ne3 Qb6 16. Ne2 Rfe8 17. Qb2 Bf8 18. e5 Nd5 19. b4 f6 20. exf6 N7xf6 21. Nc1
Rcd8 22. Nd3 Bc8 23. h3 Bd6 24. Rac1 Re7 25. Ne5 Rc7 26. N3g4 Bd7 27. Re1 Nxg4
28. hxg4 Be8 29. Nd3 Bg6 30. Nc5 Re7 31. Bg5 Nf6 32. Bxf6 gxf6 33. Rxe6 Kf7 34.
Qb3 1-0

[Event "OLNN 1617 FC St. Pauli - Hamburger SK"]
[Site "?"]
[Date "2016.10.16"]
[Round "1.5"]
[White "Gaede, Derek"]
[Black "Breyther, Ruediger"]
[Result "1/2-1/2"]
[WhiteElo "2251"]
[BlackElo "2271"]
[PlyCount "73"]
[EventDate "2016.??.??"]

1. d4 Nf6 2. c4 e6 3. Nf3 b6 4. g3 Bb4+ 5. Bd2 Be7 6. Bg2 Bb7 7. Nc3 c6 8. e4
d5 9. exd5 cxd5 10. Ne5 O-O 11. O-O Nc6 12. cxd5 Nxe5 13. d6 Nc6 14. dxe7 Qxe7
15. Bg5 h6 16. d5 Na5 17. Bxf6 Qxf6 18. dxe6 Bxg2 19. Kxg2 Qxe6 20. Qf3 Rad8
21. Rfe1 Qc6 22. Rad1 Qxf3+ 23. Kxf3 Nc6 24. Nd5 Rfe8 25. Ne7+ Nxe7 26. Rxe7
Rxe7 27. Rxd8+ Kh7 28. b4 Kg6 29. b5 Kf6 30. a4 Rc7 31. Ra8 Ke6 32. Ke3 Kd6 33.
Kd3 Kc5 34. Kc3 Kd5+ 35. Kd3 Kc5 36. Kc3 Kd5+ 37. Kd3 1/2-1/2

[Event "OLNN 1617 FC St. Pauli - Hamburger SK"]
[Site "?"]
[Date "2016.10.16"]
[Round "1.6"]
[White "Perez de Miguel, Alvaro"]
[Black "Schumacher, Norbert"]
[Result "1-0"]
[WhiteElo "2246"]
[BlackElo "2183"]
[PlyCount "59"]
[EventDate "2016.??.??"]

1. d4 Nf6 2. c4 e6 3. Nf3 b6 4. g3 Bb4+ 5. Bd2 Be7 6. Bg2 Bb7 7. O-O O-O 8. Nc3
d5 9. cxd5 exd5 10. Ne5 c6 11. Qa4 Bd6 12. Bf4 Nh5 13. Be3 Qe7 14. Nd3 g5 15.
Bd2 f5 16. f4 g4 17. Ne5 Nf6 18. a3 a5 19. Qc2 Qe6 20. Qb3 b5 21. e4 fxe4 22.
Nxe4 Nxe4 23. Bxe4 a4 24. Qa2 Na6 25. Rae1 Rad8 26. Bd3 Qf6 27. Qb1 Qg7 28. f5
c5 29. Qc1 cxd4 30. Bh6 1-0

[Event "OLNN 1617 FC St. Pauli - Hamburger SK"]
[Site "?"]
[Date "2016.10.16"]
[Round "1.7"]
[White "Jantzen, Hans-Joerg"]
[Black "Mitscherling, Andreas"]
[Result "1/2-1/2"]
[WhiteElo "2163"]
[BlackElo "2212"]
[PlyCount "89"]
[EventDate "2016.??.??"]

1. Nf3 f5 2. c4 Nf6 3. g3 g6 4. b3 d6 5. Bb2 e5 6. Bg2 Bg7 7. O-O O-O 8. d3 Nc6
9. Nc3 Rb8 10. Ne1 Be6 11. Nc2 d5 12. e4 fxe4 13. dxe4 dxc4 14. Nd5 cxb3 15.
axb3 Rf7 16. Qd3 a6 17. Rfd1 Rd7 18. Nce3 Qf8 19. Ba3 Qf7 20. Bc5 Rbd8 21. Qf1
Nd4 22. Bxd4 exd4 23. Nxf6+ Bxf6 24. Nc4 Bxc4 25. bxc4 d3 26. Ra4 Bd4 27. h4 c5
28. Rd2 b5 29. Rxa6 bxc4 30. Kh2 Bg7 31. Bh3 Rd6 32. Rxd6 Rxd6 33. Qb1 Bc3 34.
e5 Bxe5 35. f4 Bc3 36. Rd1 Bb4 37. Qa2 c3 38. Qa8+ Qf8 39. Qe4 d2 40. Be6+ Rxe6
41. Qxe6+ Qf7 42. Qe4 Qf5 43. Qe7 Qf7 44. Qe4 Qf5 45. Qe7 1/2-1/2

[Event "OLNN 1617 FC St. Pauli - Hamburger SK"]
[Site "?"]
[Date "2016.10.16"]
[Round "1.8"]
[White "Stenner, Patrick"]
[Black "Kugler, Florian"]
[Result "1/2-1/2"]
[WhiteElo "2219"]
[BlackElo "2223"]
[PlyCount "64"]
[EventDate "2016.??.??"]

1. e4 c5 2. Nc3 Nc6 3. f4 g6 4. Nf3 Bg7 5. Bb5 Nd4 6. Bd3 e6 7. Nxd4 cxd4 8.
Nb5 d6 9. c3 dxc3 10. bxc3 Bf8 11. Qa4 Bd7 12. Qd4 Nf6 13. O-O a6 14. Nxd6+
Bxd6 15. Qxd6 Bc6 16. e5 Qxd6 17. exd6 O-O-O 18. Ba3 Ne8 19. Be2 Nxd6 20. d3 h5
21. Bc5 Nf5 22. Kf2 Bb5 23. Rfd1 Rd7 24. a4 Bc6 25. Rdb1 Rhd8 26. Bb6 Re8 27.
Bf1 Rh8 28. g3 Re8 29. Re1 Rd6 30. Bc5 Rd7 31. Bb6 Rd6 32. Bc5 Rd7 1/2-1/2

[Event "OLNN 1617 SF Schwerin - Hamburger SK"]
[Site "?"]
[Date "2016.11.20"]
[Round "2.1"]
[White "Uksini, Bardhyl"]
[Black "Spivak, Ilya"]
[Result "1/2-1/2"]
[WhiteElo "2344"]
[BlackElo "2334"]
[PlyCount "35"]
[EventDate "2016.??.??"]

1. d4 d5 2. c4 dxc4 3. Nf3 Nf6 4. e3 e6 5. Bxc4 a6 6. a4 b6 7. O-O Bb7 8. Qe2
c5 9. Rd1 Qc7 10. Nc3 Nbd7 11. d5 exd5 12. Nxd5 Nxd5 13. Bxd5 Bxd5 14. Rxd5 Be7
15. e4 O-O 16. e5 Qc6 17. Rd1 Rfe8 18. b3 1/2-1/2

[Event "OLNN 1617 SF Schwerin - Hamburger SK"]
[Site "?"]
[Date "2016.11.20"]
[Round "2.2"]
[White "Kesten, Sebastian"]
[Black "Bente, Bjoern"]
[Result "1/2-1/2"]
[WhiteElo "2262"]
[BlackElo "2284"]
[PlyCount "57"]
[EventDate "2016.??.??"]

1. c4 Nf6 2. g3 g6 3. Bg2 Bg7 4. Nc3 O-O 5. Nf3 d6 6. d4 c6 7. O-O Qa5 8. Qc2
e5 9. dxe5 dxe5 10. a3 Be6 11. b4 Qc7 12. c5 a5 13. Rb1 axb4 14. axb4 h6 15.
Nd2 Nbd7 16. Bb2 Rfc8 17. Rfc1 Nd5 18. Ba1 N7f6 19. e4 Nxc3 20. Qxc3 Nd7 21.
Bf1 Ba2 22. Rb2 b5 23. cxb6 Nxb6 24. Rbc2 Be6 25. b5 c5 26. Nc4 Ra4 27. Nxb6
Qxb6 28. Qe3 Qa5 29. Bc3 {(=)} 1/2-1/2

[Event "OLNN 1617 SF Schwerin - Hamburger SK"]
[Site "?"]
[Date "2016.11.20"]
[Round "2.3"]
[White "Lindinger, Markus"]
[Black "Reichmann, Hendrik"]
[Result "0-1"]
[WhiteElo "2280"]
[BlackElo "2358"]
[PlyCount "52"]
[EventDate "2016.??.??"]

1. Nf3 c5 2. c4 g6 3. d4 cxd4 4. Nxd4 Bg7 5. Nc3 Nc6 6. Nc2 Nf6 7. g3 d6 8. Bg2
O-O 9. h4 Be6 10. Nd5 Ne5 11. b3 b5 12. Nxf6+ Bxf6 13. cxb5 Qa5+ 14. Kf1 Rac8
15. Nd4 Bd7 16. Bd2 Qb6 17. Bg5 Bg7 18. a4 Ng4 19. e3 h6 20. Bh3 f5 21. h5 hxg5
22. hxg6 Bxd4 23. exd4 e5 24. Bxg4 fxg4 25. Ra2 Qxd4 26. Rd2 Rxf2+ 0-1

[Event "OLNN 1617 SF Schwerin - Hamburger SK"]
[Site "?"]
[Date "2016.11.20"]
[Round "2.4"]
[White "Schulz, Karsten"]
[Black "Zieher, Hartmut"]
[Result "0-1"]
[WhiteElo "2330"]
[BlackElo "2285"]
[PlyCount "86"]
[EventDate "2016.??.??"]

1. d4 d5 2. Bf4 Nf6 3. e3 e6 4. Nd2 Be7 5. Bd3 b6 6. c3 c5 7. Ngf3 Nbd7 8. Ne5
Nxe5 9. dxe5 Nd7 10. Qg4 g5 11. h4 h5 12. Qg3 gxf4 13. Qg7 Rf8 14. exf4 Qc7 15.
Be2 c4 16. Bxh5 Nc5 17. Be2 Bb7 18. h5 O-O-O 19. h6 Rg8 20. Qxf7 Rdf8 21. Qh5
Rxg2 22. O-O-O Rh8 23. h7 Bd8 24. Rh3 Rg7 25. Rdh1 d4 26. f3 dxc3 27. Nxc4
cxb2+ 28. Kb1 Bd5 29. Nd6+ Kb8 30. Ne8 Qc6 31. Nxg7 Qa4 32. Kxb2 Qxa2+ 33. Kc3
Qxe2 34. R3h2 Na4+ 35. Kd4 Qc4+ 36. Ke3 Qc5+ 37. Kd2 b5 38. Qg6 Qc3+ 39. Ke2
Qxf3+ 40. Kd2 Ba5+ 41. Kc1 Qc3+ 42. Kb1 Qb3+ 43. Kc1 Qc3+ 0-1

[Event "OLNN 1617 SF Schwerin - Hamburger SK"]
[Site "?"]
[Date "2016.11.20"]
[Round "2.5"]
[White "Gaede, Derek"]
[Black "Wolf, Christoph"]
[Result "1/2-1/2"]
[WhiteElo "2251"]
[BlackElo "2148"]
[PlyCount "30"]
[EventDate "2016.??.??"]

1. d4 d5 2. c4 e6 3. Nc3 Nf6 4. cxd5 exd5 5. Bg5 Bb4 6. Qa4+ Nc6 7. e3 O-O 8.
Rd1 h6 9. Bxf6 Qxf6 10. Bb5 Qg6 11. Nge2 Qxg2 12. Rg1 Qxh2 13. Bxc6 Bxc3+ 14.
bxc3 bxc6 15. Qxc6 Rb8 1/2-1/2

[Event "OLNN 1617 SF Schwerin - Hamburger SK"]
[Site "?"]
[Date "2016.11.20"]
[Round "2.6"]
[White "Grahl, Arvid"]
[Black "Groetzbach, Julian"]
[Result "1/2-1/2"]
[WhiteElo "2189"]
[BlackElo "2213"]
[PlyCount "54"]
[EventDate "2016.??.??"]

1. d4 d5 2. c4 c6 3. Nf3 Nf6 4. Qc2 g6 5. Bf4 Bg7 6. e3 O-O 7. Nc3 c5 8. dxc5
Qa5 9. Rd1 dxc4 10. Bxc4 Nc6 11. Qb3 Ne4 12. O-O Nxc3 13. bxc3 Qxc3 14. Qa4 Bf5
15. Rc1 Qb4 16. Qxb4 Nxb4 17. Be5 Nd3 18. Bxg7 Kxg7 19. Bxd3 Bxd3 20. Rfd1 Rfd8
21. Nd4 Be4 22. Nb5 a6 23. Nc3 Bc6 24. f3 Rac8 25. Rxd8 Rxd8 26. Rc2 Rc8 27.
Kf2 Kf6 {(=)} 1/2-1/2

[Event "OLNN 1617 SF Schwerin - Hamburger SK"]
[Site "?"]
[Date "2016.11.20"]
[Round "2.7"]
[White "Schumacher, Norbert"]
[Black "Heinsohn, Wilfried"]
[Result "1/2-1/2"]
[WhiteElo "2181"]
[BlackElo "2165"]
[PlyCount "65"]
[EventDate "2016.??.??"]

1. d4 Nf6 2. c4 g6 3. g3 Bg7 4. Bg2 O-O 5. Nc3 d6 6. Nf3 Nbd7 7. O-O e5 8. e4
exd4 9. Nxd4 Re8 10. h3 a6 11. Be3 Rb8 12. Qd2 c5 13. Nde2 Ne5 14. b3 Bxh3 15.
f3 Bxg2 16. Kxg2 b5 17. cxb5 axb5 18. Rad1 b4 19. Na4 c4 20. Bf4 c3 21. Qxd6
Nfd7 22. Nd4 Qc8 23. Nc2 Bf8 24. Qd4 Qa6 25. Rf2 Qa5 26. Ne3 Bg7 27. Rc2 Red8
28. Qd5 Rb5 29. Qd6 Bf8 30. Qd4 Bg7 31. Qd6 Bf8 32. Qd4 Bg7 33. Qd6 1/2-1/2

[Event "OLNN 1617 SF Schwerin - Hamburger SK"]
[Site "?"]
[Date "2016.11.20"]
[Round "2.8"]
[White "Rittemann, Steffen"]
[Black "Pajeken, Jakob Leon"]
[Result "1-0"]
[WhiteElo "2143"]
[BlackElo "2002"]
[PlyCount "91"]
[EventDate "2016.??.??"]

1. e4 e5 2. Bc4 Nc6 3. Nc3 Nf6 4. d3 Bb4 5. Bg5 h6 6. Bh4 Na5 7. Nge2 Nxc4 8.
dxc4 d6 9. Qd3 g5 10. Bg3 Be6 11. a3 Bxc3+ 12. Nxc3 Nd7 13. O-O-O Rf8 14. h4 g4
15. f4 gxf3 16. gxf3 Qe7 17. Nd5 Bxd5 18. cxd5 O-O-O 19. Qe3 f5 20. Qxa7 fxe4
21. fxe4 Rf3 22. Bf2 b6 23. Bg1 Rf4 24. Rh3 Nc5 25. Qa8+ Kd7 26. Qc6+ Kc8 27.
Bxc5 bxc5 28. Qa8+ Kd7 29. Qc6+ Kc8 30. Rb3 Qe8 31. Qa6+ Kd7 32. Rb7 Rc8 33.
Rg1 Qf8 34. Qd3 Rxh4 35. Kb1 Kd8 36. Rg6 h5 37. Qg3 Rg4 38. Rxg4 hxg4 39. Qh4+
Ke8 40. Qxg4 Qf1+ 41. Ka2 Qc4+ 42. Rb3 Rd8 43. Qe6+ Kf8 44. Qf5+ Ke7 45. Kb1
Qe2 46. Rh3 1-0

[Event "OLNN 1617 Lübecker SV - FC St. Pauli"]
[Site "?"]
[Date "2016.11.20"]
[Round "2.1"]
[White "Socko, Monika"]
[Black "Kreuzholz, Michael"]
[Result "1/2-1/2"]
[WhiteElo "2428"]
[BlackElo "2331"]
[PlyCount "115"]
[EventDate "2016.??.??"]

1. d4 Nf6 2. c4 e6 3. Nc3 d5 4. Nf3 Bb4 5. cxd5 exd5 6. Bf4 Ne4 7. Rc1 Nc6 8.
Bd2 O-O 9. e3 Bg4 10. Be2 Nxd2 11. Qxd2 Ne7 12. Ne5 Bxe2 13. Qxe2 c6 14. O-O
Bd6 15. f4 c5 16. Qb5 b6 17. Nc6 Nxc6 18. Qxc6 cxd4 19. exd4 Rc8 20. Qb5 Rc4
21. Rcd1 Rb4 22. Qe2 Re8 23. Qf2 Be7 24. Kh1 Bf6 25. b3 Qd7 26. Rd3 Qf5 27. Qd2
a5 28. h3 h5 29. Ne2 Qe6 30. Nc3 Qf5 31. Rb1 a4 32. Nxd5 Rxd4 33. Nxf6+ gxf6
34. Rg3+ Kh7 35. Qxd4 Qxb1+ 36. Kh2 Re1 37. Qd3+ Qxd3 38. Rxd3 Re2 39. a3 Re4
40. Kg3 axb3 41. Rxb3 Kg6 42. Rxb6 Re3+ 43. Kh4 Rxa3 44. f5+ Kg7 45. Kxh5 Rg3
46. Rb2 Rg5+ 47. Kh4 Rxf5 48. Kg4 Ra5 49. Rb4 Rc5 50. Kf4 Rc2 51. g4 Rf2+ 52.
Kg3 Rf1 53. Rf4 Rg1+ 54. Kh2 Ra1 55. h4 Kg6 56. Rf3 Ra5 57. Kg3 f5 58. gxf5+
1/2-1/2

[Event "OLNN 1617 Lübecker SV - FC St. Pauli"]
[Site "?"]
[Date "2016.11.20"]
[Round "2.2"]
[White "Kololli, Martin"]
[Black "Feuerstack, Aljoscha"]
[Result "0-1"]
[WhiteElo "2227"]
[BlackElo "2449"]
[PlyCount "54"]
[EventDate "2016.??.??"]

1. e4 c5 2. c3 Nf6 3. e5 Nd5 4. d4 cxd4 5. Nf3 d6 6. cxd4 e6 7. Bc4 Be7 8. O-O
O-O 9. exd6 Qxd6 10. Nc3 Nxc3 11. bxc3 b6 12. Ne5 Bb7 13. Bf4 Qc7 14. Qg4 Bd6
15. Rfe1 Nc6 16. Re3 Bxe5 17. dxe5 Ne7 18. Bd3 Qc6 19. Rg3 Ng6 20. h4 Qxc3 21.
Rc1 Qb4 22. Rc4 Qe1+ 23. Kh2 Rad8 24. Be2 b5 25. Rc7 Rd4 26. Rc1 Qb4 27. a3 Qb2
0-1

[Event "OLNN 1617 Lübecker SV - FC St. Pauli"]
[Site "?"]
[Date "2016.11.20"]
[Round "2.3"]
[White "Michna, Marta"]
[Black "Riess, Alexander"]
[Result "1-0"]
[WhiteElo "2384"]
[BlackElo "2199"]
[PlyCount "76"]
[EventDate "2016.??.??"]

1. d4 Nf6 2. c3 g6 3. Nf3 Bg7 4. h3 O-O 5. Bf4 d6 6. Nbd2 c5 7. dxc5 dxc5 8. e4
Nc6 9. Qc2 b6 10. Rd1 Bb7 11. Be2 Qc8 12. O-O Ba6 13. Nc4 Nh5 14. Bh2 Bh6 15.
Ne3 Bxe3 16. fxe3 Bxe2 17. Qxe2 Ng7 18. Bf4 Nh5 19. e5 Qb7 20. Ng5 Ng7 21. Qg4
f6 22. exf6 exf6 23. Bd6 fxg5 24. Rxf8+ Rxf8 25. Bxf8 Kxf8 26. Rd7 Qa8 27. Qf3+
Nf5 28. Rc7 Qe8 29. Rxc6 Qxe3+ 30. Qxe3 Nxe3 31. Rc7 Nd1 32. Rxa7 Nxb2 33. Rb7
Na4 34. c4 Ke8 35. Rxh7 Nb2 36. Rg7 Na4 37. Rxg6 b5 38. Rxg5 Nb6 1-0

[Event "OLNN 1617 Lübecker SV - FC St. Pauli"]
[Site "?"]
[Date "2016.11.20"]
[Round "2.4"]
[White "Schmidt, Harald"]
[Black "Voigt, Martin"]
[Result "1-0"]
[WhiteElo "2350"]
[BlackElo "2330"]
[PlyCount "79"]
[EventDate "2016.??.??"]

1. c4 e5 2. a3 Nf6 3. Nf3 Nc6 4. Qc2 a5 5. e3 b6 6. d4 d6 7. Be2 Be7 8. O-O O-O
9. h3 Bb7 10. d5 Nb8 11. Nc3 Nbd7 12. e4 Ne8 13. Be3 g6 14. b4 Ng7 15. c5 bxc5
16. bxc5 Nxc5 17. Rab1 Bc8 18. Bxc5 dxc5 19. Nxe5 Bd6 20. Nc6 Qg5 21. h4 Qxh4
22. e5 Bf5 23. Bd3 Bxd3 24. Qxd3 c4 25. Qf3 Bxa3 26. Ne4 Bb4 27. Nxb4 axb4 28.
Rxb4 Qe7 29. Nf6+ Kh8 30. Qf4 Ne8 31. Rxc4 Nxf6 32. exf6 Qd6 33. Qg5 Rfd8 34.
Rh4 Kg8 35. Re1 Re8 36. Rc1 Ra6 37. Qh6 Qxf6 38. Qxh7+ Kf8 39. Qh8+ Qxh8 40.
Rxh8+ 1-0

[Event "OLNN 1617 Lübecker SV - FC St. Pauli"]
[Site "?"]
[Date "2016.11.20"]
[Round "2.5"]
[White "Krause, Jonah"]
[Black "Christ, Ralf"]
[Result "1/2-1/2"]
[WhiteElo "2290"]
[BlackElo "2258"]
[PlyCount "60"]
[EventDate "2016.??.??"]

1. Nf3 Nf6 2. c4 g6 3. Nc3 d5 4. cxd5 Nxd5 5. Qa4+ Nc6 6. Qb3 Nb6 7. d4 Bg7 8.
e3 O-O 9. Be2 e5 10. d5 Ne7 11. e4 c6 12. O-O cxd5 13. exd5 Nexd5 14. Rd1 Nxc3
15. bxc3 Qc7 16. Be3 Be6 17. Qb5 Rfd8 18. Rxd8+ Rxd8 19. Qa5 Rc8 20. Qxa7 Nd5
21. Ng5 Nxc3 22. Bf1 Bd5 23. Rc1 h6 24. Nf3 Qd7 25. a3 Bxf3 26. gxf3 e4 27.
fxe4 Nxe4 28. Rxc8+ Qxc8 29. Bg2 Nd6 30. Qc5 Qe6 1/2-1/2

[Event "OLNN 1617 Lübecker SV - FC St. Pauli"]
[Site "?"]
[Date "2016.11.20"]
[Round "2.6"]
[White "Lampe, Dirk"]
[Black "Breyther, Ruediger"]
[Result "0-1"]
[WhiteElo "2245"]
[BlackElo "2259"]
[PlyCount "68"]
[EventDate "2016.??.??"]

1. e4 c5 2. Nf3 e6 3. d4 cxd4 4. Nxd4 Nc6 5. Nc3 Qc7 6. Be2 Nf6 7. O-O Be7 8.
Be3 O-O 9. f4 d6 10. Kh1 Nxd4 11. Qxd4 b6 12. e5 dxe5 13. fxe5 Nd7 14. Bf4 Bb7
15. Nb5 Qc8 16. Rad1 Nc5 17. Qe3 a6 18. Nd6 Bxd6 19. Rxd6 b5 20. b3 Bd5 21. c4
bxc4 22. bxc4 Be4 23. Bg5 Qc7 24. Rfd1 Rac8 25. R1d4 Qb7 26. Qg3 Qb1+ 27. Rd1
Qxa2 28. R6d2 Qb3 29. Qh4 Bc2 30. Rc1 Bg6 31. Qd4 Qb8 32. Rb2 Qc7 33. Bf3 h6
34. Bh4 Nd3 0-1

[Event "OLNN 1617 Lübecker SV - FC St. Pauli"]
[Site "?"]
[Date "2016.11.20"]
[Round "2.7"]
[White "Perez de Miguel, Alvaro"]
[Black "Thannheiser, Thomas"]
[Result "1/2-1/2"]
[WhiteElo "2246"]
[BlackElo "2256"]
[PlyCount "95"]
[EventDate "2016.??.??"]

1. d4 d5 2. c4 e6 3. Nf3 Nf6 4. Nc3 c5 5. cxd5 Nxd5 6. e4 Nxc3 7. bxc3 cxd4 8.
cxd4 Bb4+ 9. Bd2 Bxd2+ 10. Qxd2 O-O 11. Bc4 Nd7 12. O-O b6 13. Rfe1 Bb7 14.
Rac1 Rc8 15. h3 h6 16. Qf4 Qe7 17. Bd3 Nf6 18. h4 Nh7 19. d5 Rfd8 20. Rxc8 Bxc8
21. Rc1 exd5 22. exd5 Nf8 23. Rc7 Qf6 24. Qxf6 gxf6 25. Bc4 b5 26. Bxb5 Rxd5
27. Bc4 Rd1+ 28. Kh2 Be6 29. Bxe6 Nxe6 30. Rxa7 Nd4 31. Nxd4 Rxd4 32. Kg3 Kg7
33. a4 Kg6 34. a5 Ra4 35. a6 f5 36. Ra8 f4+ 37. Kf3 Kf5 38. Ke2 Ra2+ 39. Kd3 f3
40. gxf3 Kf4 41. a7 Ra4 42. h5 f5 43. Rh8 Ra3+ 44. Kd4 Rxa7 45. Rxh6 Ra4+ 46.
Kd5 Ra5+ 47. Kd4 Ra4+ 48. Kd5 {(=)} 1/2-1/2

[Event "OLNN 1617 Lübecker SV - FC St. Pauli"]
[Site "?"]
[Date "2016.11.20"]
[Round "2.8"]
[White "Krause, Ullrich"]
[Black "Stenner, Patrick"]
[Result "1/2-1/2"]
[WhiteElo "2215"]
[BlackElo "2219"]
[PlyCount "61"]
[EventDate "2016.??.??"]

1. Nf3 Nf6 2. c4 c6 3. d4 d5 4. e3 a6 5. Bd3 dxc4 6. Bxc4 e6 7. O-O c5 8. Qe2
Nc6 9. a4 cxd4 10. Rd1 Qc7 11. exd4 Be7 12. Nc3 O-O 13. Bg5 Rd8 14. Rac1 Nd5
15. Bxd5 exd5 16. Bxe7 Qxe7 17. Qxe7 Nxe7 18. Re1 Kf8 19. Ne5 Bf5 20. g4 Be6
21. f3 Rac8 22. Ne2 Rd6 23. Nf4 Ke8 24. Nxe6 Rxe6 25. Rxc8+ Nxc8 26. Rc1 Ne7
27. Kf2 Rb6 28. Nd3 Rb3 29. Ke3 Nc6 30. Rc3 Rxc3 31. bxc3 1/2-1/2